| 000 | 00000nam##2200000za#4500 |
| 001 | 9.604037 |
| 003 | CaOODSP |
| 005 | 20260128153021 |
| 007 | cr ||||||||||| |
| 008 | 150406|2001||||xxc|||||o f|0| 0 fre|d |
| 022 | |a1488-545X |
| 040 | |aCaOODSP|bfre |
| 043 | |an-cn--- |
| 086 | 1 |aFs97-6/2328F-PDF |
| 110 | 2 |aInstitut Maurice-Lamontagne. |
| 245 | 10|aSymposium sur le Programme intégré sur le homard canadien et son environnement (PINHCE) : |h[ressource électronique]|brésumés et sommaire des travaux / |crédacteurs, M. John Tremblay et Bernard Sainte-Marie. |
| 260 | |aMont-Joli - Québec : |bPêches et Océans Canada. |cFévrier 2001. |
| 300 | |a156p.|bfigures, graphiques, cartes, références, tableaux |
| 490 | 1 |aRapport technique canadien des sciences halieutiques et aquatiques|x1488-545X|vN° 2328 |
| 500 | |aLe n° de catalogue (Fs97-6/2328F) et l'ISSN (0706-6570) de l'édition imprimée ont été incorrectement copiés dans l'édition électronique. |
| 546 | |a(Abstract in English) |
| 590 | |a12-23-Supp|b2012-05-28 |
| 720 | 1 |aSainte-Marie, Bernard |
| 720 | 1 |aTremblay, M. John |
| 775 | 08|tCanadian Lobster Atlantic Wide Studies (CLAWS) Symposium : |w(CaOODSP)9.574030 |
| 830 | #0|aRapport technique canadien des sciences halieutiques et aquatiques,|x1488-545X|vN° 2328|w(CaOODSP)9.500867 |
| 856 | 40|ahttp://publications.gc.ca|qPDF|s6.66 Mo|uhttps://publications.gc.ca/collections/collection_2012/mpo-dfo/Fs97-6-2328-fra.pdf|yN° 2328 |